La ciudadanía y su desempeño en los sistemas políticos democráticos = Citizenship and its Role in Democratic Political System /

Gespeichert in:
Bibliographische Detailangaben
1. Verfasser: Núñez Muñoz, Ingrid Karina
Format: Text
Tags: Tag hinzufügen
Keine Tags, Fügen Sie den ersten Tag hinzu!

MARC

LEADER 00000 a a2200000 04500
001 46799
003
040
090 |a REV1025 (37) 2006  
100 |a Núñez Muñoz, Ingrid Karina  
245 |a La ciudadanía y su desempeño en los sistemas políticos democráticos =   |b Citizenship and its Role in Democratic Political System /  |c Ingrid Karina Núñez Muñoz.  
773 |g número37, (julio-diciembre, 2006), páginas 36-54  
999 |c 23566  |d 23566